Month with the Most BIRTHDAYS - Statistics

General Stats
  • This quiz has been taken 102 times
  • The average score is 9 of 12
Answer Stats
Rank Month % Correct
1st (Most Birthdays) August
96%
2nd July
92%
3rd September
86%
4th May
85%
5th June
82%
6th October
77%
7th March
76%
8th April
68%
9th January
64%
10th November
59%
12th (Least Birthdays) February
56%
11th December
55%
No matching quizzes found
Score Distribution
Percent of People with Each Score
Percentile by Number Answered
Your Score History
You have not taken this quiz